| 000 | 00591nam a2200217 a 4500 | ||
|---|---|---|---|
| 005 | 20210219153239.0 | ||
| 008 | 991125n 000 0 spa u | ||
| 035 | _aUPN01000085585 | ||
| 100 | 1 | _aMoreno Martínez, Pedro Luis | |
| 222 | _aREVISTA DE EDUCACION | ||
| 245 | _aLa Ley General de Educación y la educación de adultos | ||
| 300 | _a109-130 | ||
| 362 | 0 | _a1992, Número extraordinario | |
| 653 | 0 | _aEDUCACION DE ADULTOS | |
| 653 | 0 | _aESPAÑA | |
| 653 | 0 | _aLEGISLACION EDUCATIVA | |
| 653 | 0 | _aLGE | |
| 653 | 0 | _aLIBRO BLANCO | |
| 904 |
_aAC _b023396 |
||
| 905 | _aArticulo | ||
| 999 |
_c71971 _d71971 |
||